000 00495nam a2200145 a 4500
001 000033819
005 20200930070538.0
008 110913s1870 sp 000 0 spa d
040 _aDO-SdBNP
_bspa
_cBNPHU
082 _axxxx
_bG643h
100 1 _aGonzález Tablas, Ramón
_9929
245 1 0 _aHistoria de la dominación y última guerra de España en Santo Domingo /
_cRamón González Tablas.
260 _aMadrid, España :
_bImprenta A carga de Fernando Cao,
_c1870.
300 _a230 p. ;
_c24 cm.
999 _c33310
_d33310